00341nam a22001457a 4500003000400000005001700004008004100021020001500062040000700077082001700084100001800101245004500119260002300164300000800187OSt20220114101958.0220114b |||||||| |||| 00| 0 eng d a3540653732 cHU a532.05015194 aFerziger J.H. aComputational Methods For Fluid Dynamics aNew YorkbNew York f389